000 00415cam a2200169ua 4500
020 _cRs 3.50
041 _ahin
_h
082 _a891.43
_bRAJ/BA
100 _aRajendra, Prasad .
245 _aBarathiya siksha /
_cRajendra Prasad.
_hTextual Documents
260 _aDelhi :
_bAathimara Panduranga ,
_c1981.
300 _a60 ; .
365 _aRs 3.50
504 _a
942 _cBK
999 _c2567
_d2567